000
00302nam a2200121Ia 4500
008
190216s9999||||xx |||||||||||||| ||und||
100
_a
Pandey I M
245
0
_a
Financial Management Exercises Solutions
260
_b
Vikas Publishing House
_c
2001
300
_a
167p
650
_a
Management
942
_c
BK
999
_c
6113
_d
6113